[Event "FRA-ch U16 Girls"]
[Site "Montbeliard"]
[Date "2014.04.20"]
[Round "1"]
[White "Haussernot, Cecile"]
[Black "Breysse, Fiora"]
[Result "1-0"]
[WhiteElo "2003"]
[BlackElo "1479"]
[PlyCount "57"]
[EventDate "2014.04.20"]
[EventType "swiss"]
[EventRounds "9"]
[EventCountry "FRA"]
[SourceTitle "CBM 160 Extra"]
[Source "ChessBase"]
[SourceDate "2014.07.01"]
[SourceVersion "1"]
[SourceVersionDate "2014.07.01"]
[SourceQuality "1"]

1. e4 d6 2. d4 Nf6 3. Nc3 g6 4. f4 Bg7 5. Nf3 0-0 6. Bd3 c6 7. 0-0 Nbd7 8. e5 Ne8 9. Be3 Nc7 10. Ne4 d5 11. Ng3 e6 12. h4 b6 13. b3 Ba6 14. c4 c5 15. h5 cxd4 16. Bxd4 Nc5 17. Bxc5 bxc5 18. Qc2 d4 19. Kf2 Bb7 20. Ng5 h6 21. Nh3 g5 22. Kg1 gxf4 23. Rxf4 Bxe5 24. Rg4+ Kh8 25. Qd2 Bg7 26. Rf1 Qe7 27. Rgf4 Rg8 28. Bc2 Be5 29. Rxf7 1-0

[Event "La Rosiere op"]
[Site "Bourg Saint Maurice"]
[Date "2013.08.25"]
[Round "1"]
[White "Heyman, Jacques"]
[Black "Breysse, Fiora"]
[Result "1-0"]
[WhiteElo "1847"]
[BlackElo "1406"]
[PlyCount "83"]
[EventDate "2013.08.25"]
[EventType "swiss"]
[EventRounds "7"]
[EventCountry "FRA"]
[SourceTitle "EXT 2015"]
[Source "ChessBase"]
[SourceDate "2014.11.20"]
[SourceVersion "1"]
[SourceVersionDate "2014.11.20"]
[SourceQuality "1"]

1. d4 d6 2. Nf3 Nf6 3. Bg5 g6 4. Nbd2 Bg7 5. c3 0-0 6. e4 Bg4 7. Be2 Nbd7 8. 0-0 e5 9. dxe5 Nxe5 10. Nxe5 Bxe2 11. Qxe2 dxe5 12. Rad1 Qe8 13. Qc4 c6 14. Qb3 b5 15. Rfe1 Rd8 16. Be3 a6 17. Bc5 Bh6 18. Qc2 Qe6 19. Bxf8 Bxf8 20. b3 Bc5 21. Nf1 Rxd1 22. Qxd1 Ng4 23. Ne3 Bxe3 24. fxe3 h5 25. h3 Nf6 26. Qd3 Nd7 27. Rd1 Nc5 28. Qc2 g5 29. b4 Nd7 30. Qf2 Nf6 31. Qe2 g4 32. hxg4 Qxg4 33. Qxg4+ hxg4 34. Rd6 Nxe4 35. Rxc6 Kg7 36. c4 bxc4 37. Rxc4 f5 38. Rc6 f4 39. exf4 exf4 40. Rc4 Ng3 41. Kf2 Nh1+ 42. Ke1 1-0